000 00519nam a2200145Ia 4500
008 100122s9999 xx 000 0 und d
082 _b42173
_a914.7
100 _aगोडबोले अरुण
245 _aअजिंक्यतारा ते आल्प्स
260 _bकौशिक प्रकाशन
_c1988
300 _a316
630 _aअजिंक्यतारा ते आल्प्स
730 _aअजिंक्यतारा ते आल्प्स
942 _cBOOK
999 _c422613
_d422610